ბათუმის შოთა რუსთაველის სახელმწიფო უნივერსიტეტის ბიბლიოთეკა

Информационно-управляющие системы. №6(73) 2014 (ბიბ.ჩანაწერი № 47724)

000 -LEADER
fixed length control field 00515nam a2200169Ia 4500
001 - CONTROL NUMBER
control field 14595
003 - CONTROL NUMBER IDENTIFIER
control field GE_BSU
008 - FIXED-LENGTH DATA ELEMENTS--GENERAL INFORMATION
fixed length control field 181216s||||||||xx |||||||||||||| ||und||
040 ## - CATALOGING SOURCE
Transcribing agency GE_BSU
245 ## - TITLE STATEMENT
Title Информационно-управляющие системы. №6(73) 2014
245 ## - TITLE STATEMENT
Statement of responsibility, etc. Гл.ред.Сергеев М.Б.
260 ## - PUBLICATION, DISTRIBUTION, ETC.
Place of publication, distribution, etc. Санкт-Петербург
260 ## - PUBLICATION, DISTRIBUTION, ETC.
Date of publication, distribution, etc. 2014
300 ## - PHYSICAL DESCRIPTION
Extent 144стр.29см.
653 ## - INDEX TERM--UNCONTROLLED
Uncontrolled term Информационно-управляющие системы
942 ## - ADDED ENTRY ELEMENTS (KOHA)
Koha item type პერიოდიკა
ეგზემპლარები
Withdrawn status Lost status Damaged status Not for loan Date acquired Barcode Date last seen Price effective from Koha item type
        2018-12-17 p76731 2018-12-17 2018-12-17 პერიოდიკა